000 00393nam a2200133Ia 4500
008 151001s9999||||xx |||||||||||||| ||und||
100 _aदिनेश सिंह चौहान
245 _aदेशभक्त स्वामी विवेकानंद
250 _a1
260 _bचंबल एजन्सी
260 _c2010
300 _a75
365 _b21
999 _c995685
_d995682